Statistiques concernant Culture Générale - Série 1466

Cliquez ici pour prendre le quiz!

Statistiques générales

  • Ce quiz a été pris 61 fois
  • Le résultat moyen est 4 sur 10

Statistiques - réponses

QuestionRéponse% Correct
À quel écrivain doit-on le célèbre roman “Guerre et Paix” ?Léon Tolstoï
79%
Quelle est la couleur dominante du billet de 500 € ?violet
72%
Le 17 juillet 1738, quelle ville voit naître Jean-Baptiste Grenouille, dans le roman "Le Parfum" ?Paris
57%
Quel est le titre de la chanson de Francky Vincent, au refrain évocateur : "Vas-y Francky, c'est bon" ?Fruit de la passion
45%
De quel État des États-Unis la ville de Boston est-elle la capitale ?Massachusetts
31%
Quel adjectif qualifie chacune des grosses artères qui conduisent le sang vers la tête ?carotide
26%
Dans quelle ville de Seine-et-Marne la révocation de l'édit de Nantes fut-elle signée en 1685 ?Fontainebleau
26%
En 1989, quelle chanteuse interprète “Oui, je l'adore” ?Pauline Ester
14%
Quel département français habite un Icaunais ?Yonne
10%
Quel écrivain britannique, prénommé Malcolm, a publié le roman “Au-dessous du volcan”, en 1947 ?Malcolm Lowry
5%

Distribution des résultats

Percentile par nombre de réponses

% des personnes avec chaque résultat

Votre développement - résultats

Vous n’avez pas pris ce quiz